00572nam a2200205Ia 450000500170000000800410001702000150005804000190007304100120009208200150010410000170011924500770013626000480021330000100026150400220027165000190029365100210031270000230033385000100035620240321113105.0131103s9999 xx 000 0 und d a8175962240 aLoreto College aEnglish a420.7bDOF aDoff, Adrian aLanguage in useb uper- intermediate cAdrian Doff and Christopher Jones aNew DelhibCambridge university pressc2004 a95p.  aIncludes glossary aEnglish method aEnglish language aJones, Christopher aLCBED